Normal view
MARC view
Entry Personal Name
001 - CONTROL NUMBER
- control field: 1237246
003 - CONTROL NUMBER IDENTIFIER
- control field: OSt
005 - DATE AND TIME OF LATEST TRANSACTION
- control field: 20260430150344.0
008 - FIXED-LENGTH DATA ELEMENTS
- fixed length control field: 260430|| aca||aabn | a|a d
040 ## - CATALOGING SOURCE
- Original cataloging agency: OSt
- Transcribing agency: OSt
100 ## - HEADING--PERSONAL NAME
- Personal name: Luthra Neelima Au.; Aneja Anil K. Gu
670 ## - SOURCE DATA FOUND
- Source citation: Work cat.: (OSt)1849589: Luthra Neelima Au.; Aneja Anil K. Gu., Cultural Politics, Gender and Aesthetics: A Study of Mirabai’s Poetry in Translation, 2023
